000 00928cam a2200289 a 4500
999 _c3311
_d3311
001 15803539
003 GZU
005 20201125092354.0
008 090706s2010 maua 001 0 eng
010 _a 2009027033
020 _a9780073530451 (alk. paper)
020 _a007353045X (alk. paper)
040 _aDLC
_cDLC
050 0 0 _aHD58.7
_b.KRE 2010
082 0 0 _a658.3
_222
100 1 _aKreitner, Robert.
245 1 0 _aOrganizational behavior /
_cRobert Kreitner, Angelo Kinicki.
250 _a9th ed.
260 _aBoston :
_bMcGraw-Hill/Irwin,
_cc2010.
300 _axxxii, 126 p. :
_bill., (chiefly col.) ;oi
_c26 cm.
500 _aIncludes indexes.
650 0 _aOrganizational behavior.
700 1 _aKinicki, Angelo.
906 _a7
_bcbc
_corignew
_d1
_eecip
_f20
_gy-gencatlg
942 _2lcc
_cBK
_e9th ed.
_h58.7
_iKRE
_kHD